| 000 | 00726nam a2200229Ia 4500 | ||
|---|---|---|---|
| 001 | 10068 | ||
| 003 | GE_BSU | ||
| 008 | 181216s||||||||xx |||||||||||||| ||und|| | ||
| 040 | _cGE_BSU | ||
| 080 | _a821.353.1–1 | ||
| 100 | _aროყვა,შოთა | ||
| 245 | _aმწვანე მამული | ||
| 245 | _bლექსები | ||
| 245 | _cრედ. ზ.ფირცხალაიშვილი.მხატვ.რ.ლომაძე | ||
| 260 | _aბათუმი | ||
| 260 | _bსაბჭოთა აჭარა | ||
| 260 | _c1984 | ||
| 300 | _a136გვ.1ფ.პორტრ.17სმ. | ||
| 653 | _aლექსები | ||
| 653 | _aმწვანე მამული | ||
| 942 | _cBK | ||
| 999 |
_c43340 _d43340 |
||